Characters from A Feast for Crows - Statistics

General Stats
  • This quiz has been taken 37 times
  • The average score is 53 of 110
Answer Stats
Description Character % Correct
King on the Iron Throne King Tommen I Baratheon
97%
Sister of the king on the Iron Throne Princess Myrcella Baratheon
97%
Queen Regent of the Iron Throne Queen Cersei I Lannister
97%
The Kingslayer Ser Jaime Lannister
97%
Head of House Tyrell of Highgarden Lord Mace Tyrell
87%
Squire to the Imp Podrick Payne
87%
Queen on the Iron Throne Queen Margaery Tyrell
87%
Grand Maester Grand Maester Pycelle
83%
Uncle to the Queen Regent on the Iron Throne Ser Kevan Lannister
83%
The Knight of Flowers Ser Loras Tyrell
83%
Bastard daughter of Littlefinger Alayne Stone
80%
Crow's Eye Euron Greyjoy
80%
Littlefinger Lord Petyr Baelish
80%
The Red Woman Lady Melisandre of Asshai
77%
The Queen of Thorns Lady Olenna Tyrell
77%
Daughter of the late king of the Isles and the North Princess Asha Greyjoy
77%
Cat of the Canals Arya Stark
73%
King at the Wall King Stannis I Baratheon
73%
Lord Commander of the Night's Watch Lord Commander Jon Snow
73%
The Maid of Tarth Brienne of Tarth
70%
Lady Stoneheart Lady Catelyn Tully
70%
Head of House Tully of Riverrun Lord Edmure Tully
70%
Head of House Lannister of Darry Lord Lancel Lannister
70%
Bastard son of the head of House Frey Bastard Walder Frey
67%
Maester at Castle Black Maester Aemon
67%
The Slayer Samwell Tarly
67%
The King's Justice Ser Ilyn Payne
67%
Damphair Aeron Greyjoy
63%
Lord Captain of the Iron Fleet Lord Captain Victarion Greyjoy
63%
Sand Snake Nymeria Sand
63%
Sand Snake Obara Sand
63%
Head of House Nymeros Martell of Sunspear Prince Doran Martell
63%
The Blackfish Ser Brynden Tully
63%
Knight of the Kingsguard Ser Osmund Kettleblack
63%
Daughter of the former master of Craster's Keep Gilly
60%
Head of House Arryn of the Eyrie Lord Robert Arryn
60%
Head of House Royce of Runestone Lord Yohn Royce
60%
Former Maester with the Brave Companions Qyburn
60%
Third Kettleblack Ser Osney Kettleblack
60%
Bastard son of King Robert I Baratheon Gendry
57%
Widowed wife of the Young Wolf Jeyne Westerling
57%
Knight of the Kingsguard Ser Meryn Trant
57%
Sand Snake Tyene Sand
57%
Captain of the guards at Sunspear Areo Hotah
53%
Aunt to the Queen Regent on the Iron Throne Lady Genna Lannister
53%
Novice at the Citadel Pate
53%
Heir to Sunspear Princess Arianne Martell
53%
Knight of the Kingsguard Ser Balon Swann
53%
Head of House Tyrell of Brightwater Ser Garlan Tyrell
53%
Second Kettleblack brother Ser Osfryd Kettleblack
53%
Lemoncloak Lem
50%
Head of House Tarly of Horn Hill Lord Randyll Tarly
50%
Knight of the Kingsguard Ser Boros Blount
50%
Darkstar Ser Gerold Dayne
50%
Head of House Rosby of Rosby Lord Gyles Rosby
47%
Imprisoned singer at the Eyrie Marillion
47%
The Sweetling Rafford
47%
The Bastard of Driftmark Aurane Waters
43%
Nimble Dick Dick Crabb
43%
Lady of Longtable Lady Taena Merryweather
43%
Lazy Leo Leo Tyrell
43%
Bastard daughter of King Robert I Baratheon Mya Stone
43%
Tom o' Sevens Tom of Sevenstreams
43%
The Sphinx Alleras
40%
The Mage Archmaester Marwyn
40%
The Reader Lord Rodrik Harlaw
40%
The Barber Nute
40%
Commander of the City Watch of King's Landing Ser Addam Marbrand
40%
Knight of the Kingsguard Ser Arys Oakheart
40%
Red Ronnet Ser Ronnet Connington
40%
Gatehouse Ami Lady Amerei Frey
37%
Head of House Waynwood of Ironoaks Castle Lady Anya Waynwood
37%
High Steward of the Vale Lord Nestor Royce
37%
Warden of the West Ser Daven Lannister
37%
Head of House Swyft of Cornfield Ser Harys Swyft
37%
Knight of House Hunt Ser Hyle Hunt
37%
The Ember Thoros of Myr
37%
Steward and singer at Eastwatch-by-the-Sea Dareon
33%
Septon Septon Meribald
33%
Strongboar Ser Lyle Crakehall
33%
Heir to Heart's Home Ser Lyn Corbray
33%
Heir to the Twins Ser Ryman Frey
33%
The Mad Mouse Ser Shadrich of the Shady Glen
33%
First son of the heir to the Twins Edwyn Frey
30%
Heir to Stokeworth Lady Falyse Stokeworth
30%
Head of House Merryweather of Longtable Lord Orton Merryweather
30%
Daughter of the High Steward of the Vale Myranda Royce
30%
Queen of the Isles and the North Queen Alannys Harlaw
30%
Head of House Vance of Wayfarer's Rest Lord Karyl Vance
27%
Second son of the head of House Frey Ser Emmon Frey
27%
Orphan of the Greenblood Garin
23%
Maester at the Eyrie Maester Colemon
23%
Captain of the guards at the Eyrie Ser Lothor Brune
23%
Heir to Spottswood Sylva Santagar
23%
The Blue Bard Wat
23%
Heir to Lemonwood Ser Andrey Dalt
20%
Knight of House Longbough Ser Creighton Longbough
20%
The Penniless Ser Illifer
20%
Braavosi fishmonger Brusco
17%
Head of House Drumm of Old Wyk Lord Dunstan Drumm
17%
Head of House Farwynd of the Lonely Light Lord Gylbert Farwynd
17%
The Good Ser Bonifer Hasty
17%
Head of House Piper of Pinkmaiden Lord Clement Piper
13%
Head of House Redfort of Redfort Lord Horton Redfort
13%
Head of House Belmore of Strongsong Lord Benedar Belmore
10%
Young Lord Hunter Lord Gilwood Hunter
10%
Master of the Cinnamon Wind Quhuru Mo
10%
The Knight of Ninestars Ser Symond Templeton
10%
Mate on the Cinnamon Wind Xhondo Dhoru
7%
Daughter of the master of the Cinnamon Wind Koija Mo
3%
No matching quizzes found
Score Distribution
Percent of People with Each Score
Percentile by Number Answered
Your Score History
You have not taken this quiz